000 00602nam a22001337a 4500
082 _a823
_bHAR/A
100 _aHARRIS/ CHARLAINE
245 _aALL TOGETHER DEAD
260 _aLONDON
_bORION PUBLISHING
300 _a323
520 _aBook Review: All Together Dead (Sookie Stackhouse #7) by Charlaine Harris. Summary: Betrayed by her longtime vampire love, Louisiana cocktail waitress Sookie Stackhouse must now not only deal with a possible new man in her life-the oh-so-handsome shapeshifter Quinn-but also contend with a long-planned vampire summit.
650 _aNOVEL, ENGLISH
_zLONDON
942 _cBK
999 _c2392
_d2392